000 00454nmm a2200145Ia 4500
008 251105s9999||||xx |||||||||||||||||und||
041 _aspa
100 _aMarco, M. P.
245 0 _aUn verano diferente en la Vega :
_b MARA. Una Sherlock Holmes de 14 años
264 _a[Madrid, España] :
_bLetras de Autor,
_c2015
300 _a232 páginas
650 _aSpanish narrative
856 _uhttps://public.digitaliapublishing.com/a/87717
942 _cCF
999 _c105317
_d105317